Reproducibility in fabrication and analytical performance of polyaniline-coated nanoelectrospray emitters /
Gardado en:
| Autor Principal: | |
|---|---|
| Outros autores: | |
| Formato: | Artigo |
| Idioma: | English |
| Những chủ đề: | |
| Các nhãn: |
Engadir etiqueta
Sen Etiquetas, Sexa o primeiro en etiquetar este rexistro!
|
| Thư viện lưu trữ: | Thư viện Trường Đại học Đà Lạt |
|---|
| LEADER | 00900nam a2200301 4500 | ||
|---|---|---|---|
| 001 | DLU090097193 | ||
| 005 | ##20091201 | ||
| 040 | # | # | |a DLU |b eng |
| 041 | # | # | |a eng |
| 044 | # | # | |a us |
| 100 | # | # | |a White, Thomas P. |
| 245 | # | # | |a Reproducibility in fabrication and analytical performance of polyaniline-coated nanoelectrospray emitters / |c Thomas P. White, Troy D. Wood. |
| 653 | # | # | |a Borosilicates |
| 653 | # | # | |a Detection limit |
| 653 | # | # | |a Electrospray |
| 653 | # | # | |a Ionization |
| 653 | # | # | |a Silica |
| 700 | # | # | |a Wood, Troy D. |
| 773 | # | # | |t Analytical Chemistry |g Vol. 75, no. 14 (July 2003), p. 3660-3665 |
| 920 | # | # | |a Phòng Tạp chí -- Trung tâm Thông tin - Thư viện Trường Đại học Đà Lạt |
| 994 | # | # | |a DLU |
| 900 | # | # | |a True |
| 911 | # | # | |a Trương Bảo Trâm Anh |
| 925 | # | # | |a G |
| 926 | # | # | |a A |
| 927 | # | # | |a BB |
| 980 | # | # | |a Thư viện Trường Đại học Đà Lạt |